Which Dead Celebs Earned the Most? Sudden Death - Statistics

General Stats
  • This quiz has been taken 285 times
  • The average score is 3 of 13
Answers on the Grid
Answers color-coded by a green-red scale on the quiz's grid according to % correct below.
Michael Jackson
Freddie Mercury
Marilyn Monroe
Kurt Cobain
John Belushi
Elvis
Lucille Ball
Dr. Seuss
Joan Crawford
Ric Ocasek
Orson Welles
Prince
Bob Marley
Hugh Hefner
Charles Schulz
Steve McQueen
Andy Warhol
Matthew Perry
Tupac Shakur
John Lennon
Cole Porter
Arnold Palmer
James Brown
Ira Gershwin
Ringo Starr
Whitney Houston
Dale Earnhardt
Jerry Garcia
 
Answer Stats
Answer % Correct
Michael Jackson
93%
Freddie Mercury
55%
Elvis
40%
Whitney Houston
25%
Prince
24%
John Lennon
21%
Bob Marley
18%
Dr. Seuss
7%
Matthew Perry
6%
Arnold Palmer
3%
Charles Schulz
3%
James Brown
1%
Ric Ocasek
0%
No matching quizzes found
Score Distribution
Percent of People with Each Score
Percentile by Number Answered
Your Score History
You have not taken this quiz